La construcción industrial y la política de incremento de las exportaciones
Guardado en:
| Hovedforfatter: | |
|---|---|
| Format: | Bog |
| Udgivet: |
[San José , Costa Rica]
1985
|
| Fag: | |
| Tags: |
Tilføj Tag
Ingen Tags, Vær først til at tagge denne postø!
|
MARC
| LEADER | 00000nam a2200000Ia 4500 | ||
|---|---|---|---|
| 003 | 003007 | ||
| 005 | 20221231144358.0 | ||
| 008 | 140114s1985 cr a m 000 ||s d | ||
| 040 | |c cru CEDI | ||
| 090 | |a TFG 1762 | ||
| 100 | |a Segura Valverde, Nelly |9 14317 | ||
| 245 | |a La construcción industrial y la política de incremento de las exportaciones | ||
| 260 | |c 1985 |a [San José , Costa Rica] | ||
| 300 | |a 73 hojas : ilustraciones | ||
| 500 | |a Tesis (licenciatura en ingeniería civil)--Universidad de Costa Rica. Escuela de Ingeniería Civil | ||
| 650 | |x INDUSTRIA DE LA CONSTRUCCION |x EXPORTACION E IMPORTACION - COSTA RICA |9 14318 | ||
| 942 | |c TFG | ||
| 999 | |c 20997 |d 20997 | ||
